000 01055cam a2200217u 4500
001 9023237
003 OSt
005 20210531115601.0
008 840302m19051906pe a 000 0 spa
040 _aCENDOC CAAAP
_cCAAAP
050 0 0 _aFP
_b376 P26
100 1 _93152
_aPardo y Barreda, José
245 1 3 _aDocumentos anexos al Alegato del Perú, presentados á S.M. el real árbitro /
_cJosé Pardo y Barreda.
260 _aMadrid :
_bImpr. de los Hijos de M.G. Hernández ; Barcelona :Impr. de Henrich y Cía,
_c1905-1906.
300 _a6 t. ;
_c26 cm.
500 _aAntes del título: Arbitraje de límites entre el Perú y el Ecuador.
505 0 _at.1. de número 1 al número 40 -- t.2 de número 41 al número 93 -- t.3. del número 58 al número 90 -- t.4 del número 91 al número 137 -- t.5. del número 138 al número 168 -- t.6 de número 169 al número 238 -- t.7. Apéndices del 1 al 15
650 0 _92730
_aDerecho canónico.
_xMemorias e informes
651 0 _aPerú
_92732
_xRelaciones exteriores
_xLímites
_zEcuador
942 _2lcc
_cBK
999 _c1494
_d1494